| 000 | 00338nam a2200133Ia 4500 | ||
|---|---|---|---|
| 008 | 190905s9999||||xx |||||||||||||| ||und|| | ||
| 020 | _a978-93-82291-52-7 | ||
| 100 | _aDavid Money Harris | ||
| 245 | 0 | _aDigital Design and Computer Architecture | |
| 250 | _a2 nd | ||
| 260 |
_aNew Delhi _bElsevier _c2017 |
||
| 300 | _a690 | ||
| 942 | _cBK | ||
| 999 |
_c5862 _d5862 |
||